00898cam a2200289 i 4500001000300000003000400003005001700007008003900024015001700063020001500080040001400095041000800109080001000117080001200127080000800139080000900147100003900156245003700195250001700232260005100249300010000300504004900400650001900449655001700468650002500485856009800510bgBPK20201119143235.0001222s1979 pl a f f |000 0 pol aPB 1979/9963 a8301002182 aWA NcBPK0 apol a628.8 a621.311 a697 a(07)1 aKamler, Witoldd(1906-1983)eAutor10aCiepłownictwo /cWitold Kamler. aWyd. 2 popr. aWarszawa :bPaństwowe Wydaw. Naukowe,c1979. a902, [1] s. :btab., wykr. ;c25 cm +eTablice : ([25] k. w obwol. : il., 2 mapy, tab., wykr.). aBibliogr. s. 898-902, wykaz norm s. 894-897. 4aSieć cieplna 4aPodręcznik 4aOgrzewanie centralne uhttp://koha.tu.koszalin.pl/cgi-bin/koha/opac-detail.pl?biblionumber=31939yKatalog online BPK